<?xml version="1.0" encoding="UTF-8"?><?xml-stylesheet type="text/xsl" href="static/style.xsl"?><OAI-PMH xmlns="http://www.openarchives.org/OAI/2.0/" xmlns:xsi="http://www.w3.org/2001/XMLSchema-instance" xsi:schemaLocation="http://www.openarchives.org/OAI/2.0/ http://www.openarchives.org/OAI/2.0/OAI-PMH.xsd"><responseDate>2026-06-05T14:46:26Z</responseDate><request verb="GetRecord" identifier="oai:riuma.uma.es:10630/9557" metadataPrefix="marc">https://riuma.uma.es/rest/oai/request</request><GetRecord><record><header><identifier>oai:riuma.uma.es:10630/9557</identifier><datestamp>2026-02-03T12:52:20Z</datestamp><setSpec>com_10630_5701</setSpec><setSpec>com_10630_3139</setSpec><setSpec>com_10630_10</setSpec><setSpec>col_10630_9188</setSpec></header><metadata><record xmlns="http://www.loc.gov/MARC21/slim" xmlns:dcterms="http://purl.org/dc/terms/" xmlns:doc="http://www.lyncode.com/xoai" xmlns:xsi="http://www.w3.org/2001/XMLSchema-instance" xsi:schemaLocation="http://www.loc.gov/MARC21/slim http://www.loc.gov/standards/marcxml/schema/MARC21slim.xsd">
   <leader>00925njm 22002777a 4500</leader>
   <datafield ind2=" " ind1=" " tag="042">
      <subfield code="a">dc</subfield>
   </datafield>
   <datafield ind2=" " ind1=" " tag="720">
      <subfield code="a">Hertogs-Biarge, Ignacio</subfield>
      <subfield code="e">author</subfield>
   </datafield>
   <datafield ind2=" " ind1=" " tag="260">
      <subfield code="c">2002</subfield>
   </datafield>
   <datafield ind2=" " ind1=" " tag="520">
      <subfield code="a">A excepción del socialista Pablo Iglesias, no hemos hallado ningún otro líder del sindicalismo de clase a quien se homenajeara durante la Dictadura de Primo de Rivera mediante celebraciones que implicaran apoderarse simbólicamente del espacio público. Probablemente la razón fuera el deseo de borrar para la posteridad la imagen, el rastro, la memoria de los vencidos. Los honores y recompensas materiales estaban reservados a otros. Los patronos-patria, los héroes del trabajo, imbuidos de los conceptos de tiempo productivo, disciplina y competitividad defendidos en las campañas de moralización emprendidas por el régimen, recibieron en estos años múltiples distinciones y agasajos que los convertían en modelos a imitar por sus conciudadanos. Asimismo, servir a la comunidad, contribuir a un bienestar social cohesionador e integrador, era otra de las alternativas ofrecidas por los gobernantes a aquellos españoles que aspirasen a obtener galardones laborales.</subfield>
   </datafield>
   <datafield ind1="8" ind2=" " tag="024">
      <subfield code="a">Baetica 24, 2002, p. 491-513.</subfield>
   </datafield>
   <datafield ind1="8" ind2=" " tag="024">
      <subfield code="a">0212-5099</subfield>
   </datafield>
   <datafield ind1="8" ind2=" " tag="024">
      <subfield code="a">http://hdl.handle.net/10630/9557</subfield>
   </datafield>
   <datafield tag="653" ind2=" " ind1=" ">
      <subfield code="a">España - Historia -1923-1930, Dictadura - Aspectos sociales</subfield>
   </datafield>
   <datafield ind2="0" ind1="0" tag="245">
      <subfield code="a">Los héroes del deber o el trabajo como virtud en España durante la dictadura de Primo de Rivera</subfield>
   </datafield>
</record>
</metadata></record></GetRecord></OAI-PMH>